miasta województwa opolskiego - Statystyki

Ogólne statystyki
  • Ten quiz został rozwiązany 498 razy
    26 od ostatniego zresetowania
  • Średni wynik to 28 z 38
Statystyki odpowiedzi
Pierwsza litera Miasto % Poprawnych
B Brzeg
100%
N Namysłów
100%
O Opole
100%
G Głubczyce
91%
K Kędzierzyn-Koźle
91%
K Krapkowice
91%
P Prudnik
91%
B Baborów
82%
N Nysa
82%
O Olesno
82%
O Ozimek
82%
P Paczków
82%
S Strzelce Opolskie
82%
Z Zdzieszowice
82%
G Głuchołazy
73%
K Kluczbork
73%
L Leśnica
73%
L Lewin Brzeski
73%
U Ujazd
73%
W Wołczyn
73%
B Byczyna
64%
D Dobrodzień
64%
G Głogówek
64%
G Gogolin
64%
G Gorzów Śląski
64%
G Grodków
64%
K Kolonowskie
64%
N Niemodlin
64%
O Otmuchów
64%
P Praszka
64%
S Strzeleczki
64%
T Tułowice
64%
Z Zawadzkie
64%
B Biała
55%
K Kietrz
55%
K Korfantów
55%
P Prószków
55%
B Branice
36%
Nie znaleziono quizów pasujących do podanych kryteriów
Rozkład punktacji
Procent ludzi z każdym wynikiem
Percentyl według liczby udzielonych odpowiedzi
Twoja historia wyników
Nie rozwiązałeś tego quizu od ostatniego zresetowania